000 00397nam a2200157Ia 4500
008 200103s9999||||xx |||||||||||||| ||und||
020 _a0900335955,
040 _aIMU-MPC
082 _aColumn-34
100 _aStokoe, E. A.
245 0 _aReed's Ship Construction for Marine Studentd
250 _aVol. 5
260 _bThomas Reed Publications Ltd., London
_c2001
300 _a192
942 _cBK
999 _c7890
_d7890